Cerchi nell'acqua /

Збережено в:
Бібліографічні деталі
Автор: Righi, Franca (Автор)
Формат: Книга
Мова:Італійська мова
Опубліковано: \Spinea! : Edizioni del Leone, \1992!
Серія:I piombi
Теги: Додати тег
Немає тегів, Будьте першим, хто поставить тег для цього запису!

MARC

LEADER 00000nam a22000007i 4500
001 IT\ICCU\CFI\0213296
003 ItRI
005 20260115232251.0
008 930227s1992 it |||||| ||||| |||||c
040 |b ita  |c importazione bologna sebina 
041 7 |a ita  |2 ISO-639-2 
082 |a 851.914  |9 POESIA ITALIANA. 1945-  |2 12 
100 1 |a Righi, Franca  |0 IT\ICCU\CFIV\089220  |4 aut 
245 1 0 |a Cerchi nell'acqua /  |c Franca Righi. 
260 |a \Spinea! :  |b Edizioni del Leone,  |c \1992! 
300 |a 35 p. ;  |c 20 cm. 
830 2 |a I piombi  |0 IT\ICCU\CFI\0025875 
942 |2 ddc  |c BK  |n 0 
952 |0 0  |1 0  |4 0  |6 DOC_851_914000000000000_RIG  |7 0  |9 23268  |a BO  |b BO  |d 2026-01-15  |i 2767  |l 0  |o DOC 851.914 RIG  |p BO2767  |r 2026-01-15 23:22:51  |w 2026-01-15  |x [Sebina 5] [1 v.]  |y BK  |z 1 v. 
952 |0 0  |1 0  |4 0  |6 DOC_851_914000000000000_RIG  |7 0  |9 23269  |a BO  |b BO  |d 2026-01-15  |i 3121  |l 0  |o DOC 851.914 RIG  |p BO3121  |r 2026-01-15 23:22:51  |w 2026-01-15  |x [Sebina 5] [1 v.]  |y BK  |z 1 v. 
999 |c 19841  |d 19841